000 01022nam0a2200301 4500
001 RU\NLR\BIBL_A\012816967
005 20250624170603.0
010 _9500
035 _a(NLR Aleph) 012816967
090 _a13309927
_c13309927
100 _a20220610d1975 |||y0rusy50 ca
101 0 _aoss
102 _aRU
105 _ay z 000 y
181 0 _ai
_baxxe
182 0 _an
200 1 _aПартион организаци ӕмӕ партион литературе
_fВ. И. Ленин
203 _aТекст
_bвизуальный
_cнепосредственный
210 _aОрджоникидзе
_cЦхинвал Рауагъдад "Ирыстон"
_d1975
215 _a16 с.
_d14
541 1 _6z01790
_aПартийная организация и партийная литертаура
_zrus
686 1 _aШ6(2=Осет)7-5
700 1 _aЛенин
_bВ. И.
_4070
790 1 _6z01541
_aЛенин
_bВ. И.
_4070
852 _aNLR
_bОНЛ
_jОсет./1-323
942 _cBOOK
980 _aNB